| 000 | 01138cam a2200253 4500 | ||
|---|---|---|---|
| 001 | ABS64667 | ||
| 008 | 011030n2001 000 0 eng u | ||
| 035 | _a(Sirsi) u115391 | ||
| 100 | _aGershinson, J | ||
| 245 | _aTweaking a well-run machine | ||
| 260 | _c2001 | ||
| 490 |
_aEstates Gazette _v(0142) 20 October 2001, 127(1) |
||
| 520 | _aConsiders how the proposed Insolvency White Paper will affect fixed-charge receiverships and the RICS voluntary fixed-charge scheme adminstered by the Joint Registration Committee. While there are no plans to change the ability of a fixed-charge holder to appoint a receiver of their choosing at the time of their choosing, there is likely to be more interaction between the directors, potential administrators and fixed-charge holders for grey areas such as property companies. | ||
| 590 | _aABS | ||
| 650 |
_aInsolvency _96247 |
||
| 650 | _aWHITE PAPER | ||
| 650 | _aPROPERTY COMPANIES | ||
| 650 | _aADMINISTRATORS | ||
| 650 | _aRICS | ||
| 650 | _aFIXED-CHARGE RECEIVERS | ||
| 650 | _aRECEIVERSHIP | ||
| 690 | _aMANAGEMENT-BUSINESS MANAGEMENT-FINANCIAL MANAGEMENT | ||
| 942 | _n0 | ||
| 999 |
_c68713 _d68713 |
||